000 00289nam a2200121Ia 4500
008 220204s9999 xx 000 0 und d
082 _a541.22
_bBHA
100 _aBhatt, B I
245 0 _aStoichiometry
260 _aNew Delhi
_bTata McGraw Hill
_c1976
700 _aVora, S M
942 _cBK
999 _c30529
_d30529